| 000 | 02000nam0a2200337 i 4500 | ||
|---|---|---|---|
| 001 | RU\NLR\bibl\1903842 | ||
| 005 | 20260407102553.0 | ||
| 021 |
_aRU _b2012-31995 _92377 |
||
| 035 | _a(NLR Aleph) 001893445 | ||
| 090 |
_a2951047 _c2951047 |
||
| 100 | _a20120516d2011 u y0rusy50 ca | ||
| 101 | 0 | _arus | |
| 102 | _aRU | ||
| 105 | _ay ||||||||| | ||
| 200 | 1 |
_aИванов Виталий Алексеевич _eбиобиблиографический указатель _fМ-во образования и науки Рос. Федерации, ФГБОУ ВПО "Марийс. гос. ун-т", Науч. б-ка им. Р.А. Пановой _g[сост.: В.В. Изыкин _gнауч. ред.: И.О. Левенштейн] |
|
| 210 |
_aЙошкар-Ола _cФГБОУ ВПО "Марийский государственный университет" _d2011 |
||
| 215 |
_a47 с. _d21 |
||
| 225 | 1 |
_aМатериалы к биобиблиографии ученых МарГУ _vвып. 55 |
|
| 320 | _aИмен. указ.: с. 42-44 | ||
| 600 | 1 |
_aИванов _bВ.А. _f1956 _gВиталий Алексеевич _jБиобиблиография _92104466 _3RU\NLR\auth\661576062 |
|
| 686 | _aЧ489.44(2Р)7-8Иванов я1 | ||
| 702 | 1 |
_aИзыкин _bВ. В. _f1951- _gВладимир Владимирович _4220 |
|
| 702 | 1 |
_aЛевенштейн _bН. А. _gНаиля Асановна _4340 |
|
| 702 | 1 |
_4570 _8rus _7ca _aИванов _bВ. А. _cд-р юрид. наук, канд. ист. наук _f1956- _gВиталий Алексеевич _3RU\NLR\auth\7735216 _918214 |
|
| 712 | 0 | 2 |
_4570 _aМарийский государственный университет _cЙошкар-Ола _bНаучная библиотека им. Р. А. Пановой _3RU\NLR\AUTH\889930912 _9357298 |
| 801 | 0 |
_aRU _bNLR _c20120516 _gRCR |
|
| 801 | 1 |
_aRU _bNLR _c20120516 |
|
| 830 | _aсост. и персон. по кн, ред. по эк | ||
| 942 | _cBOOK | ||
| 980 | _aNBR | ||